000 00543nam a2200157 a 4500
008 120416s0000 ||||||||||||||||| || u
020 _a0850387655
050 _aHM 263 Bla
100 _aBland, Michael
245 1 0 _aBe your own PR man
246 _aa public relations guide for the small businessman
260 _aLondon
_bKogan Page
_c1981
300 _a176p. : ill
350 _a0.00
995 _D0.00
_FCBU-MAIN LIBRARY (Kitwe)
_H1
_I1.90
_UAVAILABLE
_ZMain Library Open Access Collection
999 _c35663
_d35663